Normal view
MARC view
- Epifania N. Paloma
Entry Personal Name
001 - CONTROL NUMBER
- control field: 31101
003 - CONTROL NUMBER IDENTIFIER
- control field: OSt
005 - DATE AND TIME OF LATEST TRANSACTION
- control field: 20180912161912.0
008 - FIXED-LENGTH DATA ELEMENTS
- fixed length control field: 180912|| aca||aabn | a|a d
040 ## - CATALOGING SOURCE
- Original cataloging agency: OSt
100 ## - HEADING--PERSONAL NAME
- Personal name: Epifania N. Paloma
